书目信息 |
| 题名: |
影像如何记忆
|
|
| 作者: | 谢勤亮 著 | |
| 分册: | ||
| 出版信息: | 北京 社会科学文献出版社 2012.04 |
|
| 页数: | 264页 | |
| 开本: | 24cm | |
| 丛书名: | 福建省社会科学规划项目博士文库 | |
| 单 册: | ||
| 中图分类: | J952 | |
| 科图分类: | ||
| 主题词: | 纪录片--研究--中国 , 纪录片 | |
| 电子资源: | ||
| ISBN: | 978-7-5097-3199-4 | |
| 000 | 01055oam2 2200289 450 | |
| 001 | 010050008677 | |
| 005 | 20120619161716.81 | |
| 010 | @a978-7-5097-3199-4@dCNY58.00 | |
| 100 | @a20120420d2012 em y0chiy50 ea | |
| 101 | 0 | @achi |
| 102 | @aCN@b110000 | |
| 105 | @ay z 000yy | |
| 106 | @ar | |
| 200 | 1 | @a影像如何记忆@9ying xiang ru he ji yi@dImage and history@e年鉴学派视野下的中国纪录片@f谢勤亮著@zeng |
| 210 | @a北京@c社会科学文献出版社@d2012.04 | |
| 215 | @a264页@d24cm | |
| 225 | 2 | @a福建省社会科学规划项目博士文库@e2011-2012 |
| 330 | @a本书共分为五章,主要内容包括:影像试验;法国年鉴学派;影像记录的年鉴学派实践(上);影像记录的年鉴学派实践(下);追寻布洛赫。 | |
| 461 | 0 | @12001 @a福建省社会科学规划项目博士文库 |
| 510 | 1 | @aImage and history@zeng |
| 517 | 1 | @a年鉴学派视野下的中国纪录片@9nian jian xue pai shi ye xia de zhong guo ji lu pian |
| 606 | 0 | @a纪录片@x研究@y中国 |
| 606 | 0 | @a纪录片 |
| 690 | @aJ952@v5 | |
| 701 | 0 | @a谢勤亮@9xie qin liang@4著 |
| 801 | 0 | @aCN@bRENTIAN@c20120420 |
| 905 | @b540194-98@dJ952@e249@f5 | |
| 影像如何记忆=Image and history:年鉴学派视野下的中国纪录片/谢勤亮著.-北京:社会科学文献出版社,2012.04 |
| 264页;24cm.-(福建省社会科学规划项目博士文库:2011-2012) |
| ISBN 978-7-5097-3199-4:CNY58.00 |
| 本书共分为五章,主要内容包括:影像试验;法国年鉴学派;影像记录的年鉴学派实践(上);影像记录的年鉴学派实践(下);追寻布洛赫。 |
| ● |
| 相关链接 |
|
|
|
|
正题名:影像如何记忆
索取号:J952/249
 
预约/预借
| 序号 | 登录号 | 条形码 | 馆藏地/架位号 | 状态 | 备注 |
| 1 | 540194 | 205401947 | 第一样本阅览室/ [索取号:J952/249] | 在馆 | |
| 2 | 540195 | 205401956 | 第一借阅区/ [索取号:J952/249] | 在馆 | |
| 3 | 540196 | 205401965 | 第一借阅区/ [索取号:J952/249] | 在馆 | |
| 4 | 540197 | 205401974 | 第一借阅区/ [索取号:J952/249] | 在馆 | |
| 5 | 540198 | 205401983 | 第一借阅区/ [索取号:J952/249] | 在馆 |